000 00337nam a2200121Ia 4500
008 250327s9999 xx 000 0 und d
020 _a9781526476227
082 _bMEH
_aCQR
100 _aMEHMET MEHMETOGLU & MATTHIAS MITTNER
_934587
245 0 _aAPPLIED STATISTICS USING R: A GUIDE FOR THE SOCIAL SCIENCES
260 _bSAGE
942 _cBK
999 _c7388
_d7388